7 Perso - 1 Pts Commun - Harry Potter #22 - Statistiques

Statistiques générales
  • Ce quiz a été pris 175 fois
  • Le résultat moyen est 3 sur 7
Statistiques - réponses
Personnages % Correct
Severus Rogue
91%
Remus Lupin
54%
Fred Weasley
47%
Nymphadora Tonks
45%
Morts de la Bataille de Poudlard
29%
Vincent Crabbe
28%
Colin Crivey
24%
Aucun quiz correspondant
Distribution des résultats
% des personnes avec chaque résultat
Percentile par nombre de réponses
Votre historique - résultats
Vous n’avez pas pris ce quiz